Účtová osnova a účtový rozvrh bakalárska práca

Saved in:
Bibliographic Details
Main Author: Kocianová, Ivana
Corporate Author: Fakulta hospodárskej informatiky EU. Katedra účtovníctva a audítorstva
Other Authors: Maděra, František
Format: Book
Language:Slovak
Published: Bratislava 2018
Tags: Add Tag
No Tags, Be the first to tag this record!

MARC

LEADER 00000nbm a2200000 4500
001 0247380
005 20190128144746.4
041 0 |a slo 
044 |a SK 
245 1 0 |a Účtová osnova a účtový rozvrh  |b bakalárska práca  |c Ivana Kocianová ; školiteľ: František Maděra 
264 1 |a Bratislava  |c 2018 
300 |a 45 s. 
100 1 |a Kocianová, Ivana 
700 1 |a Maděra, František 
710 2 |a Fakulta hospodárskej informatiky EU. Katedra účtovníctva a audítorstva